Ethnic identity and national conflict in China /

Bibliographic Details
Main Author: Gunaratna, Rohan, 1961-
Other Authors: Acharya, Arabinda, Wang, Pengxin
Format: Book
Language:English
Published: New York : Palgrave Macmillan, 2010.
Edition:1st ed.
Subjects:

MARC

Tag First Indicator Second Indicator Subfields
LEADER 00000cam a2200000 a 4500
001 in00002575360
005 20151201152311.0
008 091027s2010 nyu b 001 0 eng
010 |a  2009043571 
020 |a 9780230103054 (alk. paper) 
020 |a 0230103057 (alk. paper) 
035 |a (OCoLC)ocn456171883 
035 |a (OCoLC)456171883 
040 |a DLC  |c DLC  |d YDX  |d YDXCP  |d BWX  |d UtOrBLW 
043 |a a-cc--- 
049 |a TXAM 
050 0 0 |a HV6433.C55  |b G86 2010 
082 0 0 |a 363.3250951  |2 22 
100 1 |a Gunaratna, Rohan,  |d 1961- 
245 1 0 |a Ethnic identity and national conflict in China /  |c Rohan Gunaratna, Arabinda Acharya, and Wang Pengxin. 
250 |a 1st ed. 
264 1 |a New York :  |b Palgrave Macmillan,  |c 2010. 
300 |a x, 248 pages ;  |c 22 cm. 
336 |a text  |b txt  |2 rdacontent 
337 |a unmediated  |b n  |2 rdamedia 
338 |a volume  |b nc  |2 rdacarrier 
504 |a Includes bibliographical references and index. 
650 0 |a Terrorism  |z China. 
650 0 |a Domestic terrorism  |z China. 
700 1 |a Acharya, Arabinda. 
700 1 |a Wang, Pengxin. 
938 |a YBP Library Services  |b YANK  |n 3236828 
938 |a Blackwell Book Service  |b BBUS  |n R3851090  |c $85.00 
945 |a PromptCat  |b 15387 
946 |a stk 
947 |a A14840179943 
994 |a 92  |b TXA 
948 |a Cataloged  |b h  |c 2010/7/1  |d c  |e ibarton 
999 |a MARS 
999 f f |s 4cf75f15-2e2f-3721-9484-f0101d0fd077  |i ca3f2a2d-7f42-395a-8c16-f4bb9ef6a755  |t 0 
952 f f |p ric  |a Texas A&M University  |b Rellis Campus  |c Joint Library Facility  |d Remote Storage  |t 0  |e HV6433.C55 G86 2010  |h Library of Congress classification  |i unmediated -- volume  |m A14840179943 
998 f f |a HV6433.C55 G86 2010  |t 0  |l Remote Storage